=LDR 00000nam 2200000 4500 =001 INLIS000000000035075 =005 20130612140946 =008 ***********************************Ind** =035 ##$$0010-061300000035075 =041 ##$$a Ind =082 ##$$a 633.269 =090 ##$$a 633.369, Sup l =100 ##$$a Suprayitno =245 ##$$a Lamtoro gung dan manfaatnya, Suprayitno =260 ##$$a 1981 $b Jakarta =300 ##$$a x, 55 hlm, ilus, 20 cm =650 ##$$a Lamtoro Gung =850 ##$$a NBPNMAT